| 000 | 00960nmm a2200277 a 4500 | ||
|---|---|---|---|
| 001 | ocm000702891 | ||
| 003 | TR-IsHL | ||
| 005 | 20201028132024.0 | ||
| 008 | 131028s1977 tu tur | ||
| 007 | cr cn | ||
| 035 |
_a702891 _b(N$T) |
||
| 050 | 0 | 4 |
_aBP189.7 _b.E28 1977 |
| 090 | 0 | 4 |
_aBP189.7 _b.E28 1977 |
| 100 | 1 | _aEbu Abdi'r-Rahman Muhammed | |
| 245 | 1 | 0 |
_aTasavvufta fütüvvet _h[electronic resource] / _cEbu Abdi'r-Rahman Muhammed ; İbn El-Hüseyn Es-Sulemi, çev. Süleyman Ateş |
| 260 |
_aAnkara : _bAnkara Üniversitesi İlahiyat Fakültesi, _c1977 |
||
| 300 | _a213 p. | ||
| 650 | 4 | _aFelsefe, Psikoloji ve Din | |
| 650 | 4 | _aPhilosophy, Psychology and Religion | |
| 650 | 0 | _aTasavvuf | |
| 650 | 0 | _aSufism | |
| 650 | 7 |
_aRELIGION / Islam / Sufi _2bisacsh |
|
| 700 | 1 | _aEs-Sulemi, İbn El-Hüseyn | |
| 700 | 1 | _aAteş, Süleyman | |
| 856 | 4 | 0 | _uhttp://search.ebscohost.com/login.aspx?direct=true&scope=site&db=e011xww&AN=702891 |
| 999 |
_c4870 _d4870 |
||